[Event "Lichtenberger Sommer 2017"]
[Site "Berlin"]
[Date "2017.08.27"]
[Round "9.76"]
[White "Scholta, Danilo"]
[Black "Völler, Lothar"]
[Result "1-0"]
[WhiteElo "1793"]
[BlackElo "1714"]
[PlyCount "117"]
[EventDate "2017.??.??"]
[WhiteTeam "SV Empor Berlin"]
[BlackTeam "FS Dortmund"]

1. e4 c5 2. d4 cxd4 3. c3 dxc3 4. Nxc3 Nc6 5. Nf3 d6 6. Bc4 Nf6 7. e5 dxe5 8.
Qxd8+ Nxd8 9. Nb5 Nc6 10. Nc7+ Kd8 11. Nxa8 h6 12. Be3 Bd7 13. Bb5 Kc8 14. Bxa7
Nxa7 15. Nb6+ Kc7 16. Nxd7 Nxb5 17. Ndxe5 e6 18. Rc1+ Kb6 19. Nxf7 Bb4+ 20. Ke2
Rf8 21. N7e5 Nd6 22. Nc4+ Nxc4 23. Rxc4 Bd6 24. Rd1 Nd5 25. Kf1 g5 26. h3 Kb5
27. Re4 Rf6 28. Nd4+ Kb6 29. Rxe6 Kc5 30. Rxf6 Nxf6 31. Ne6+ Kc6 32. Nd8+ Kc7
33. Nxb7 Be5 34. Na5 Bxb2 35. Nc4 Bc3 36. Rd6 h5 37. Rd3 Ba1 38. Ne3 Kc6 39. a4
Kc5 40. Ra3 Bb2 41. Ra2 Bd4 42. a5 Kb5 43. a6 Ba7 44. Nf5 Ne8 45. Ne7 Nd6 46.
Ke2 Kb6 47. Rd2 Kc5 48. Rxd6 Kxd6 49. Nc8+ Kc7 50. Nxa7 Kb6 51. Nc8+ Kc7 52.
Ne7 Kb6 53. Nf5 Kxa6 54. Ng3 h4 55. Ne4 g4 56. hxg4 Kb6 57. g5 Kc6 58. g6 Kd5
59. g7 1-0

[Event "Lichtenberger Sommer 2017"]
[Site "Berlin"]
[Date "2017.08.27"]
[Round "9.77"]
[White "Nimptsch, Nikolas"]
[Black "Matthes, Aaron"]
[Result "1-0"]
[WhiteElo "1379"]
[BlackElo "1736"]
[PlyCount "87"]
[EventDate "2017.??.??"]
[WhiteTeam "Leegebrucher SF"]
[BlackTeam "SC Oranienburg"]

1. e4 e6 2. d4 d5 3. exd5 exd5 4. Bd3 Bd6 5. Nc3 c6 6. Nge2 Nf6 7. O-O Bg4 8.
f3 Bh5 9. Bg5 Nbd7 10. Re1 O-O 11. Qd2 Qc7 12. Bf4 Bg6 13. Bxd6 Qxd6 14. Qf4
Qb4 15. Bxg6 fxg6 16. Rab1 Rae8 17. Qd2 Re7 18. a3 Qb6 19. Nd1 Rfe8 20. Nf2 c5
21. Kf1 Qb5 22. Qd3 Qb6 23. c3 Re3 24. Qd2 Qb5 25. Nd1 Rd3 26. Qc2 cxd4 27. Nf2
Rde3 28. cxd4 Nh5 29. Nd1 R3e6 30. Ndc3 Qc4 31. Qa4 Qxa4 32. Nxa4 Rc8 33. Nac3
Nb6 34. Kf2 Kf7 35. h4 Rf6 36. g4 Nf4 37. Nxf4 Rxf4 38. Rbd1 Rc4 39. Ke3 Rf6
40. Kf2 h5 41. g5 Rf4 42. Kg3 Rfxd4 43. Rxd4 Rxd4 44. Nb5 1-0

[Event "Lichtenberger Sommer 2017"]
[Site "Berlin"]
[Date "2017.08.27"]
[Round "9.78"]
[White "David, Daniel"]
[Black "Günther, Boris"]
[Result "0-1"]
[WhiteElo "1392"]
[BlackElo "1693"]
[PlyCount "52"]
[EventDate "2017.??.??"]
[WhiteTeam "SC Erkrath"]
[BlackTeam "SF Friedrichshagen"]

1. e4 e5 2. Nf3 Nc6 3. Bb5 a6 4. Bxc6 bxc6 5. d4 exd4 6. Nxd4 Bb7 7. O-O d6 8.
Re1 Be7 9. Nf5 Bf6 10. c3 g6 11. Ng3 Bg7 12. Be3 Nf6 13. Nd2 O-O 14. Qc2 Ng4
15. f3 Nxe3 16. Rxe3 Qg5 17. Re2 a5 18. Rf2 a4 19. a3 Qc5 20. Kf1 Ba6+ 21. c4
Rfb8 22. Rb1 Bd4 23. Re2 Be3 24. Ke1 Bxd2+ 25. Rxd2 Bxc4 26. Rc1 Qg1+ 0-1

[Event "Lichtenberger Sommer 2017"]
[Site "Berlin"]
[Date "2017.08.27"]
[Round "9.79"]
[White "Fock, Amina"]
[Black "Tschirschwitz, Stephan"]
[Result "1-0"]
[WhiteElo "1587"]
[BlackElo "1584"]
[PlyCount "117"]
[EventDate "2017.??.??"]
[WhiteTeam "SC Zugzwang 95 (Berlin)"]
[BlackTeam "Lasker Steglitz-Wilmersdorf"]

1. e4 c5 2. Nf3 Nc6 3. b3 e6 4. Bb2 d6 5. d4 cxd4 6. Nxd4 Nf6 7. Nxc6 bxc6 8.
e5 Nd5 9. c4 Qa5+ 10. Qd2 Qxd2+ 11. Kxd2 Nf4 12. g3 Ng6 13. exd6 c5 14. Bg2 Rb8
15. Rd1 f6 16. Ke1 Bd7 17. Nc3 a6 18. Ne4 Bc6 19. Nxf6+ gxf6 20. Bxc6+ Kf7 21.
Ba3 Ne5 22. Bg2 Nd7 23. Bf3 Rb6 24. Bh5+ Kg7 25. Be8 Rb7 26. Bxd7 Rxd7 27. Bxc5
Kf7 28. Ba3 Bg7 29. c5 Rc8 30. Rac1 Rc6 31. b4 f5 32. Rc2 e5 33. Bb2 Ke6 34. a4
Bf8 35. b5 axb5 36. axb5 Rc8 37. b6 Bxd6 38. b7 Rb8 39. cxd6 Rbxb7 40. Ba3 Rb3
41. Bc5 h5 42. Ra1 Rbb7 43. Ra8 Kd5 44. Ba3 Ke4 45. Ke2 Rh7 46. Ra5 f4 47. Rc4+
Kf5 48. Rxf4+ Ke6 49. Re4 Kf6 50. Rexe5 h4 51. Re7 hxg3 52. hxg3 Rd7 53. Rxh7
Rxh7 54. Rc5 Ra7 55. Rc3 Ke6 56. Re3+ Kd5 57. Re7 Rxa3 58. d7 Ra2+ 59. Kf3 1-0

[Event "Lichtenberger Sommer 2017"]
[Site "Berlin"]
[Date "2017.08.27"]
[Round "9.80"]
[White "Papenhagen, Walter"]
[Black "Klühs, Gustaf"]
[Result "0-1"]
[WhiteElo "1584"]
[BlackElo "1680"]
[PlyCount "80"]
[EventDate "2017.??.??"]
[WhiteTeam "SF Friedrichshagen"]
[BlackTeam "Borussia Friedrichsfelde"]

1. d4 Nf6 2. c4 e5 3. dxe5 Ng4 4. Nf3 Nc6 5. h3 Ngxe5 6. Nxe5 Nxe5 7. e3 Bc5 8.
a3 a6 9. b4 Ba7 10. Bb2 d6 11. Bxe5 dxe5 12. Qxd8+ Kxd8 13. Bd3 Ke7 14. O-O Rd8
15. Bc2 Be6 16. Nc3 Bxc4 17. Rfd1 g6 18. Rxd8 Rxd8 19. Rd1 Rxd1+ 20. Bxd1 f5
21. g4 Bf7 22. Kg2 c6 23. Kg3 Kf6 24. gxf5 gxf5 25. h4 h6 26. Be2 Bb3 27. Bd1
Bxd1 28. Nxd1 Bb8 29. f4 e4 30. h5 Bd6 31. Kf2 a5 32. Ke2 axb4 33. a4 Ke6 34.
Kd2 c5 35. Kc2 c4 36. Kb2 Be7 37. Kc2 Bf6 38. Kb1 Kd5 39. Kc2 b3+ 40. Kb1 Kc5
0-1

[Event "Lichtenberger Sommer 2017"]
[Site "Berlin"]
[Date "2017.08.27"]
[Round "9.81"]
[White "Polatel, Nur"]
[Black "Schmalisch, Bastian"]
[Result "1-0"]
[WhiteElo "1355"]
[BlackElo "1600"]
[PlyCount "89"]
[EventDate "2017.??.??"]
[WhiteTeam "SC Zugzwang 95 (Berlin)"]
[BlackTeam "vereinslos"]

1. e4 c6 2. d4 d5 3. e5 Bf5 4. Nf3 e6 5. Be2 c5 6. O-O Nc6 7. Be3 Qb6 8. Nc3
cxd4 9. Bxd4 Nxd4 10. Nxd4 Bg6 11. Bb5+ Kd8 12. Na4 Qc7 13. c4 a6 14. cxd5 axb5
15. dxe6 Ke8 16. Nxb5 Qc6 17. Qb3 Bc5 18. Rac1 b6 19. Nd6+ Ke7 20. Nxc5 bxc5
21. exf7 Nh6 22. e6 Rhb8 23. Qc3 Qxd6 24. Qxg7 Kxe6 25. Rfe1+ Kf5 26. Rcd1 Qc6
27. Qe5+ Kg4 28. f3+ Kh4 29. Qf4+ Kh5 30. g4+ Nxg4 31. fxg4+ Kh4 32. g5+ Kh5
33. Re3 Bc2 34. Rh3+ Kg6 35. Rd6+ Qxd6 36. Qxd6+ Kxf7 37. Rf3+ Kg7 38. Qf6+ Kg8
39. h4 Re8 40. Qf7+ Kh8 41. Qf6+ Kg8 42. h5 Bd1 43. Qf7+ Kh8 44. h6 Rg8 45.
Qf6+ 1-0

[Event "Lichtenberger Sommer 2017"]
[Site "Berlin"]
[Date "2017.08.27"]
[Round "9.82"]
[White "Ellert, Stefan"]
[Black "Weber, Gerald"]
[Result "1/2-1/2"]
[WhiteElo "1355"]
[BlackElo "1761"]
[PlyCount "56"]
[EventDate "2017.??.??"]
[WhiteTeam "SV Empor Berlin"]
[BlackTeam "SSV Rotation Berlin"]

1. e4 c6 2. d4 d5 3. Nc3 dxe4 4. Nxe4 Nd7 5. Nf3 Ngf6 6. Nxf6+ Nxf6 7. Bf4 Bg4
8. Be2 e6 9. h3 Bxf3 10. Bxf3 Bd6 11. Bxd6 Qxd6 12. Qd2 h6 13. Rc1 Rd8 14. Rd1
O-O 15. O-O Rd7 16. Qc3 Rfd8 17. Rd3 Nd5 18. Bxd5 Qxd5 19. b3 Qe4 20. Rfd1 Rd5
21. Qd2 Rg5 22. f3 Qh4 23. Qf2 Qf4 24. Qd2 Qxd2 25. R1xd2 Rgd5 26. Kf2 f6 27.
c3 Kf7 28. g4 g5 1/2-1/2

[Event "Lichtenberger Sommer 2017"]
[Site "Berlin"]
[Date "2017.08.27"]
[Round "9.83"]
[White "Schiller, Stephan"]
[Black "Freude, Max"]
[Result "1/2-1/2"]
[WhiteElo "1584"]
[BlackElo "1416"]
[PlyCount "84"]
[EventDate "2017.??.??"]
[WhiteTeam "SV Motor Wildau"]
[BlackTeam "SV Empor Berlin"]

1. d4 Nf6 2. c4 e6 3. Nc3 Bb4 4. Bd2 c5 5. a3 Bxc3 6. Bxc3 Ne4 7. e3 Nxc3 8.
bxc3 b6 9. d5 O-O 10. Nf3 Bb7 11. Bd3 Re8 12. O-O Ba6 13. e4 exd5 14. cxd5 d6
15. c4 Nd7 16. Qc2 h6 17. Rfe1 Ne5 18. Be2 Nxf3+ 19. Bxf3 Qf6 20. Qa4 Bb7 21.
Rab1 Qe7 22. Re3 Qc7 23. Rbe1 Re7 24. Bd1 Bc8 25. Bc2 Bd7 26. Qb3 Rae8 27. Qd3
g6 28. a4 Bc8 29. Qc3 Rf8 30. Qf6 Qd8 31. e5 Rxe5 32. Qxd8 Rxd8 33. Rxe5 dxe5
34. Rxe5 Kg7 35. f3 Kf6 36. Re3 Ba6 37. Bd3 Bc8 38. Kf2 Bd7 39. Bc2 Re8 40. Re4
Rxe4 41. fxe4 Ke5 42. Ke3 Be8 1/2-1/2

[Event "Lichtenberger Sommer 2017"]
[Site "Berlin"]
[Date "2017.08.27"]
[Round "9.84"]
[White "Stuckstedte, Hermann"]
[Black "Hömke, Holger"]
[Result "1-0"]
[WhiteElo "1564"]
[BlackElo "1540"]
[PlyCount "31"]
[EventDate "2017.??.??"]
[WhiteTeam "Königsjäger Süd-West"]
[BlackTeam "SK Zehlendorf"]

1. d4 Nf6 2. Bf4 e6 3. e3 b6 4. Qf3 d5 5. Bd3 Bb7 6. Nd2 Nbd7 7. a3 Be7 8. Qe2
O-O 9. Ngf3 c5 10. c3 Nh5 11. Bg3 Rc8 12. Ne5 Nxg3 13. Bxh7+ Kh8 14. hxg3 Nxe5
15. Bc2+ Kg8 16. Rh8+ 1-0

[Event "Lichtenberger Sommer 2017"]
[Site "Berlin"]
[Date "2017.08.27"]
[Round "9.85"]
[White "Bollenbach, Horst"]
[Black "Ellert, Oliver"]
[Result "1-0"]
[WhiteElo "1723"]
[BlackElo "1497"]
[PlyCount "88"]
[EventDate "2017.??.??"]
[WhiteTeam "SC Friesen Lichtenberg"]
[BlackTeam "SV Empor Berlin"]

1. d4 c5 2. Nf3 d5 3. e3 Nf6 4. c4 e6 5. Qc2 b6 6. cxd5 Nxd5 7. Bb5+ Bd7 8.
Bxd7+ Nxd7 9. O-O Be7 10. a3 O-O 11. e4 Nc7 12. dxc5 Nxc5 13. Rd1 Qc8 14. b4
Nb7 15. Bb2 Nb5 16. Qe2 Rd8 17. Rxd8+ Qxd8 18. Nbd2 Nc7 19. Rd1 Qe8 20. Rc1 Rc8
21. Ne5 Nd6 22. Nc6 Ncb5 23. Nxe7+ Qxe7 24. Rxc8+ Nxc8 25. Qxb5 h6 26. Nc4 Nd6
27. Nxd6 Qxd6 28. Qe2 e5 29. h3 f6 30. Kh2 Qc6 31. Qd3 Kf8 32. b5 Qc7 33. a4
Ke8 34. Ba3 g6 35. Qd6 Qxd6 36. Bxd6 Kd7 37. Bb8 Kc8 38. Bxa7 Kb7 39. Bxb6 Kxb6
40. Kg3 f5 41. exf5 gxf5 42. Kf3 Kc5 43. g4 fxg4+ 44. hxg4 Kd5 1-0

[Event "Lichtenberger Sommer 2017"]
[Site "Berlin"]
[Date "2017.08.27"]
[Round "9.86"]
[White "Murat, Abylay"]
[Black "Mueller, Jörg René"]
[Result "1-0"]
[WhiteElo "1400"]
[BlackElo "1553"]
[PlyCount "59"]
[EventDate "2017.??.??"]
[WhiteTeam "vereinslos"]
[BlackTeam "SC Zugzwang 95 (Berlin)"]

1. e4 c5 2. Nf3 Nc6 3. d4 e6 4. c4 cxd4 5. Nxd4 Bb4+ 6. Nc3 Qf6 7. Be3 Nge7 8.
a3 Bxc3+ 9. bxc3 O-O 10. Bd3 e5 11. Nb5 b6 12. Nc7 Rb8 13. Nd5 Nxd5 14. exd5
Ne7 15. Qc2 g6 16. Qd2 Re8 17. Bg5 Qh8 18. O-O d6 19. f4 Bf5 20. fxe5 dxe5 21.
g4 f6 22. gxf5 fxg5 23. f6 Nf5 24. Qxg5 Kf7 25. Bxf5 gxf5 26. Qh5+ Kxf6 27.
Rxf5+ Ke7 28. Rf7+ Kd8 29. Qg5+ Kc8 30. Qf5+ 1-0

[Event "Lichtenberger Sommer 2017"]
[Site "Berlin"]
[Date "2017.08.27"]
[Round "9.87"]
[White "Ni Mhuireagain, Eibhia"]
[Black "Kaufmann, Matthias"]
[Result "1-0"]
[WhiteElo "1521"]
[BlackElo "1516"]
[PlyCount "37"]
[EventDate "2017.??.??"]
[WhiteTeam "The Ross Chess Club"]
[BlackTeam "vereinslos"]

1. e4 c5 2. c3 d6 3. d4 cxd4 4. cxd4 g6 5. Nc3 Bg7 6. Nf3 Qb6 7. Nd5 Qd8 8. Qc2
Nc6 9. Bb5 Bd7 10. e5 Rc8 11. Qe2 Qa5+ 12. Bd2 Qd8 13. exd6 Nxd4 14. Nxd4 Bxd4
15. Nc7+ Kf8 16. dxe7+ Nxe7 17. Bh6+ Bg7 18. Qe5 f6 19. Qxf6+ 1-0

[Event "Lichtenberger Sommer 2017"]
[Site "Berlin"]
[Date "2017.08.27"]
[Round "9.88"]
[White "Wilke, Hans-Peter"]
[Black "Schubert, Joachim"]
[Result "0-1"]
[WhiteElo "1540"]
[BlackElo "1893"]
[PlyCount "78"]
[EventDate "2017.??.??"]
[WhiteTeam "Läufer Reinickendorf"]
[BlackTeam "SC Friesen Lichtenberg"]

1. d4 f5 2. Bf4 d6 3. Nf3 Nf6 4. h3 b6 5. e3 e6 6. Bc4 h6 7. Nbd2 g5 8. Bh2 Bg7
9. Qe2 Qe7 10. O-O-O Bd7 11. Rhe1 d5 12. Bb3 c5 13. dxc5 bxc5 14. c4 Nc6 15.
Ne5 Nxe5 16. Bxe5 O-O 17. f4 Bc6 18. Nf3 dxc4 19. Bxc4 Nd5 20. Bxg7 Kxg7 21.
Ne5 Ba4 22. Rd2 Rad8 23. Bb5 Bxb5 24. Qxb5 Rb8 25. Qd7 Rb7 26. Qa4 Qc7 27. g3
Rc8 28. Qd1 Qe7 29. e4 fxe4 30. Rxe4 Qf6 31. fxg5 hxg5 32. Qg4 Qf5 33. Qxf5
exf5 34. Rc4 Nf6 35. Rf2 Ne4 36. Rxf5 Nd6 37. Rxg5+ Kf6 38. Rcg4 Re8 39. Nf3
Re2 0-1

[Event "Lichtenberger Sommer 2017"]
[Site "Berlin"]
[Date "2017.08.27"]
[Round "9.89"]
[White "Krüger, Antje-Christine"]
[Black "Ho, Ngoc Hai-Dang"]
[Result "1/2-1/2"]
[WhiteElo "1505"]
[BlackElo "1499"]
[PlyCount "80"]
[EventDate "2017.??.??"]
[WhiteTeam "TSG Fredersdorf/Vogelsdorf"]
[BlackTeam "SF Friedrichshagen"]

1. d4 Nf6 2. Nf3 e6 3. c4 d5 4. Nc3 b6 5. Bg5 Bb7 6. e3 h6 7. Bh4 Bd6 8. Bxf6
Qxf6 9. cxd5 exd5 10. Bd3 O-O 11. O-O Nd7 12. a3 Qe7 13. Nb5 Nf6 14. Rc1 c6 15.
Nxd6 Qxd6 16. Rc3 Rac8 17. Qc2 Rc7 18. Rc1 Re8 19. Ne5 c5 20. a4 c4 21. Be2 Nd7
22. Bf3 Nxe5 23. dxe5 Qxe5 24. b3 Ba6 25. Qd1 Rd8 26. bxc4 d4 27. Rd3 Rxc4 28.
Rxc4 Bxc4 29. Rxd4 Rxd4 30. exd4 Qd6 31. Qd2 a5 32. Bd1 Kf8 33. Qc3 Qb4 34. Qe3
Qb1 35. Qf3 Bd3 36. h3 Bc2 37. Qa8+ Ke7 38. Qb7+ Kd6 39. Qb8+ Ke7 40. Qc7+ Ke8
1/2-1/2

[Event "Lichtenberger Sommer 2017"]
[Site "Berlin"]
[Date "2017.08.27"]
[Round "9.90"]
[White "Koerber, Bernhard"]
[Black "Tedesco, Gennaro"]
[Result "0-1"]
[WhiteElo "1574"]
[BlackElo "1613"]
[PlyCount "60"]
[EventDate "2017.??.??"]
[WhiteTeam "Lasker Steglitz-Wilmersdorf"]
[BlackTeam "SC Kreuzberg"]

1. e4 c5 2. Nc3 d6 3. f4 g6 4. Nf3 Bg4 5. Bb5+ Nc6 6. Bxc6+ bxc6 7. O-O Bg7 8.
d3 e6 9. Qe1 Bxf3 10. Rxf3 d5 11. Na4 dxe4 12. dxe4 Qd4+ 13. Be3 Qxa4 14. b3
Qb4 15. Qxb4 cxb4 16. Rd1 Rd8 17. Rxd8+ Kxd8 18. Bxa7 Nf6 19. e5 Nd5 20. Rd3
Kc7 21. Bc5 Ra8 22. Rd4 Rxa2 23. Bxb4 Nxb4 24. Rxb4 Rxc2 25. Rc4 Rxc4 26. bxc4
Kb6 27. Kf2 Kc5 28. Ke2 Kxc4 29. Kd1 Kd3 30. g3 c5 0-1

[Event "Lichtenberger Sommer 2017"]
[Site "Berlin"]
[Date "2017.08.27"]
[Round "9.91"]
[White "Kossueva, Aminat"]
[Black "Winkler, Michael"]
[Result "0-1"]
[WhiteElo "1037"]
[BlackElo "1690"]
[PlyCount "50"]
[EventDate "2017.??.??"]
[WhiteTeam "SC Friesen Lichtenberg"]
[BlackTeam "ESV Eberswalde"]

1. Nf3 Nf6 2. g3 Nc6 3. Bg2 e5 4. d3 d5 5. O-O Bc5 6. Nbd2 O-O 7. a3 a5 8. b3
Bf5 9. Bb2 Re8 10. c4 d4 11. Ng5 Qd7 12. Nge4 Nxe4 13. Nxe4 Bxe4 14. Bxe4 Ra6
15. Qd2 f5 16. Bd5+ Kh8 17. Bg2 e4 18. f4 Qf7 19. h3 Qg6 20. Qe1 exd3 21. Bf3
dxe2 22. Rf2 Qxg3+ 23. Bg2 d3 24. Bc3 Re6 25. Ra2 Rg6 0-1

[Event "Lichtenberger Sommer 2017"]
[Site "Berlin"]
[Date "2017.08.27"]
[Round "9.92"]
[White "Lange, Malina"]
[Black "Fontaine, Constantin"]
[Result "1-0"]
[WhiteElo "1579"]
[BlackElo "1519"]
[PlyCount "83"]
[EventDate "2017.??.??"]
[WhiteTeam "TuS Makkabi Berlin"]
[BlackTeam "SK Tempelhof 1931"]

1. e4 e5 2. Nf3 Nf6 3. Nc3 Bb4 4. Nxe5 Bxc3 5. dxc3 d6 6. Nf3 Nxe4 7. Bc4 O-O
8. O-O Bf5 9. Re1 Nc6 10. Bd3 Re8 11. Nd2 Nxf2 12. Rxe8+ Qxe8 13. Kxf2 Bxd3 14.
cxd3 Ne5 15. Qe2 Qc6 16. Qe4 Qb6+ 17. d4 f5 18. Qd5+ Kh8 19. Kf1 Ng4 20. Nb3
Nxh2+ 21. Kg1 Ng4 22. Qxf5 Nf6 23. Bg5 Nh5 24. Bh4 g6 25. Qf7 c5 26. dxc5 dxc5
27. Kh1 c4 28. Qxc4 Rf8 29. Qd4+ Qxd4 30. Nxd4 Rf4 31. Nf3 h6 32. Kh2 g5 33.
Bg3 Rg4 34. Be5+ Kh7 35. Rd1 Re4 36. Rd7+ Kg6 37. Rxb7 g4 38. Nh4+ Kg5 39. Bc7
Kxh4 40. Bd8+ Nf6 41. Bxf6+ Kh5 42. Rxa7 1-0

[Event "Lichtenberger Sommer 2017"]
[Site "Berlin"]
[Date "2017.08.27"]
[Round "9.93"]
[White "Petersen, Sophie"]
[Black "Gräbnitz, Marc-Florian"]
[Result "1-0"]
[WhiteElo "1437"]
[BlackElo "1465"]
[PlyCount "113"]
[EventDate "2017.??.??"]
[WhiteTeam "SV Rüdersdorf"]
[BlackTeam "SC Eintracht Berlin"]

1. e4 d6 2. d4 Nf6 3. Nc3 g6 4. f4 Bg7 5. e5 dxe5 6. fxe5 Nd5 7. Bc4 Nxc3 8.
bxc3 O-O 9. Nf3 b6 10. O-O Bb7 11. Qe1 Nd7 12. Qh4 e6 13. Bg5 Qe8 14. Bh6 f6
15. Bxg7 Kxg7 16. exf6+ Nxf6 17. Rae1 Qc6 18. Bxe6 Qxc3 19. Bb3 Rae8 20. Rxe8
Rxe8 21. Ne5 Qe3+ 22. Qf2 Qxf2+ 23. Kxf2 c5 24. Nf3 Ne4+ 25. Kg1 cxd4 26. Nxd4
Nf6 27. Ne6+ Rxe6 28. Bxe6 Bd5 29. Bxd5 Nxd5 30. Rd1 Nf6 31. Kf2 Kf7 32. Kf3
Ke6 33. h3 Nd5 34. c4 Nc3 35. Re1+ Kf6 36. a3 Na4 37. g4 Nb2 38. Re4 Nd3 39.
Ke3 Ne5 40. Kf4 Nd3+ 41. Ke3 Nc5 42. Rf4+ Ke7 43. h4 Ne6 44. Re4 Kf7 45. g5 Ke7
46. Re5 Kf7 47. Ke4 Ng7 48. Kd5 Nf5 49. h5 Ne7+ 50. Kd6 Nf5+ 51. Rxf5+ gxf5 52.
Ke5 f4 53. Kxf4 Ke6 54. a4 a6 55. Ke4 Kd6 56. g6 hxg6 57. h6 1-0

[Event "Lichtenberger Sommer 2017"]
[Site "Berlin"]
[Date "2017.08.27"]
[Round "9.94"]
[White "Möller, Dirk"]
[Black "Paris, Gerhard"]
[Result "1-0"]
[WhiteElo "1555"]
[BlackElo "1486"]
[PlyCount "87"]
[EventDate "2017.??.??"]
[WhiteTeam "SC Kreuzberg"]
[BlackTeam "TSG Oberschöneweide"]

1. e4 e5 2. f4 Bc5 3. Nf3 d6 4. Bc4 Nf6 5. Nc3 Nc6 6. d3 Bg4 7. h3 Bxf3 8. gxf3
Nh5 9. Ne2 Qh4+ 10. Kd2 exf4 11. c3 Ne5 12. Qf1 Nxc4+ 13. dxc4 Qf2 14. Qxf2
Bxf2 15. Kd3 g5 16. Rh2 Bb6 17. h4 h6 18. Bd2 Kd7 19. Rah1 Ng3 20. Nxg3 fxg3
21. Rg2 Bf2 22. Be3 Rag8 23. Bxf2 gxf2 24. Rxf2 f6 25. Rfh2 gxh4 26. Rxh4 Rg6
27. Ke3 Ke6 28. f4 f5 29. Rh5 fxe4 30. f5+ Kf6 31. fxg6 Kxg6 32. Rd5 h5 33.
Kxe4 Re8+ 34. Kd4 Rh8 35. c5 dxc5+ 36. Kxc5 c6 37. Rd7 h4 38. Rxb7 Rh5+ 39.
Kxc6 h3 40. Rxa7 h2 41. Ra4 Rh3 42. Rd4 Kg5 43. Rd2 Kh4 44. Rdxh2 1-0

[Event "Lichtenberger Sommer 2017"]
[Site "Berlin"]
[Date "2017.08.27"]
[Round "9.95"]
[White "Lippianowski, Stefan"]
[Black "Abraham, Helmut"]
[Result "0-1"]
[WhiteElo "1106"]
[BlackElo "1488"]
[PlyCount "92"]
[EventDate "2017.??.??"]
[WhiteTeam "SV Mattnetz Berlin"]
[BlackTeam "SC Kreuzberg"]

1. e4 c5 2. Bc4 e6 3. Nf3 Nc6 4. Nc3 a6 5. a4 Be7 6. d3 d6 7. Be3 Nf6 8. d4
cxd4 9. Nxd4 O-O 10. Nf3 Bd7 11. h4 Ng4 12. Qd2 Rc8 13. Bd3 Nb4 14. Bg5 Nc6 15.
Bxe7 Qxe7 16. Ng5 Nce5 17. f3 Nxd3+ 18. Qxd3 Ne5 19. Qe3 h6 20. f4 Nc4 21. Qh3
f5 22. O-O-O Qf6 23. e5 Qe7 24. exd6 Nxd6 25. Nf3 Rxc3 26. Rhe1 Rc4 27. Ne5 Rb4
28. Ng6 Qf6 29. Ne5 Bxa4 30. Qa3 a5 31. Rxd6 Rc8 32. c3 Rxf4 33. h5 Qh4 34. Nf3
Rxf3 35. Rdxe6 Qg5+ 36. Kb1 Rf4 37. Qd6 Rf2 38. Qd5 Kh7 39. Qxb7 Qd2 40. Re7
Qc2+ 41. Ka1 Rxg2 42. R7e2 Rxe2 43. Rxe2 Qd1+ 44. Ka2 Qxe2 45. Qxc8 Qxh5 46. b3
Qf7 0-1

[Event "Lichtenberger Sommer 2017"]
[Site "Berlin"]
[Date "2017.08.27"]
[Round "9.96"]
[White "Fiedler, Ronald"]
[Black "Lange, Gregor Sebastian"]
[Result "1-0"]
[WhiteElo "1631"]
[BlackElo "820"]
[PlyCount "41"]
[EventDate "2017.??.??"]
[WhiteTeam "Läufer Reinickendorf"]
[BlackTeam "TSG Oberschöneweide"]

1. e4 e5 2. Nf3 Nc6 3. Bc4 Bc5 4. O-O Nf6 5. c3 O-O 6. d4 exd4 7. cxd4 Bd6 8.
e5 Na5 9. Bd3 Bxe5 10. dxe5 Nd5 11. Bxh7+ Kxh7 12. Qxd5 Nc6 13. Ng5+ Kg8 14.
Qe4 Re8 15. Qh7+ Kf8 16. Qh8+ Ke7 17. Qxg7 Nxe5 18. Qxe5+ Kf8 19. Qh8+ Ke7 20.
Qg7 Kd6 21. Nxf7+ 1-0

[Event "Lichtenberger Sommer 2017"]
[Site "Berlin"]
[Date "2017.08.27"]
[Round "9.97"]
[White "Roloff, Karsten"]
[Black "Stark, Steven"]
[Result "0-1"]
[WhiteElo "1588"]
[BlackElo "1474"]
[PlyCount "90"]
[EventDate "2017.??.??"]
[WhiteTeam "Königsjäger Süd-West"]
[BlackTeam "BSC Rehberge"]

1. d4 g6 2. e4 b6 3. Nc3 Bb7 4. Be3 Bg7 5. Nf3 c6 6. Bd3 Nf6 7. Qd2 O-O 8. Bh6
Ne8 9. Ne2 d5 10. exd5 Qxd5 11. Bxg7 Kxg7 12. Qe3 Nf6 13. Qxe7 Qa5+ 14. b4 Nd5
15. bxa5 Nxe7 16. axb6 axb6 17. O-O c5 18. Ng5 h6 19. Ne4 Nd7 20. c3 c4 21. Bc2
Nf6 22. Nd6 Ba6 23. Ne4 Ned5 24. Nxf6 Nxf6 25. a4 Rad8 26. Rac1 g5 27. f3 Nd5
28. Be4 Nf6 29. Bc6 Rd6 30. Bb5 Bxb5 31. axb5 Nd5 32. Ng3 Kg6 33. Rfe1 Nf4 34.
Re7 Rd5 35. Rb7 Rxb5 36. Rc2 h5 37. Ne4 Nd3 38. h3 h4 39. g3 Rb1+ 40. Kh2 Re8
41. Rd7 hxg3+ 42. Kxg3 f5 43. Rd6+ Kg7 44. Nxg5 f4+ 45. Kg4 Rg1+ 0-1

[Event "Lichtenberger Sommer 2017"]
[Site "Berlin"]
[Date "2017.08.27"]
[Round "9.98"]
[White "Lange, Johannes Friedrich"]
[Black "Kultscher, Christian"]
[Result "1/2-1/2"]
[WhiteElo "1545"]
[BlackElo "1257"]
[PlyCount "46"]
[EventDate "2017.??.??"]
[WhiteTeam "TSG Oberschöneweide"]
[BlackTeam "1. SC Anhalt"]

1. e4 e5 2. Nf3 Nc6 3. Bc4 h6 4. c3 Nf6 5. d4 exd4 6. cxd4 Nxe4 7. d5 Nb8 8.
O-O Be7 9. Qd4 Nf6 10. Nc3 d6 11. h3 c5 12. Bb5+ Bd7 13. Qa4 a6 14. Re1 Bxb5
15. Nxb5 O-O 16. Nc3 Nh7 17. Qg4 Bg5 18. Nxg5 hxg5 19. Qg3 f6 20. Re6 Re8 21.
Qe3 Nd7 22. Bd2 Nhf8 23. Rxe8 Qxe8 1/2-1/2

[Event "Lichtenberger Sommer 2017"]
[Site "Berlin"]
[Date "2017.08.27"]
[Round "9.99"]
[White "Gläsmann, Christian"]
[Black "Geisler, Oliver"]
[Result "0-1"]
[WhiteElo "1472"]
[BlackElo "1556"]
[PlyCount "92"]
[EventDate "2017.??.??"]
[WhiteTeam "SC Erkrath"]
[BlackTeam "vereinslos"]

1. e4 e5 2. f4 Nf6 3. Nc3 Nc6 4. Nf3 exf4 5. d4 d5 6. e5 Ne4 7. Bxf4 Bg4 8. Bd3
Nxd4 9. Nxe4 Nxf3+ 10. gxf3 dxe4 11. Bxe4 Qh4+ 12. Bg3 Qg5 13. fxg4 Rd8 14. Qf3
Qd2+ 15. Kf1 Bc5 16. e6 fxe6 17. Bf4 Qb4 18. Kg2 Rf8 19. Kh3 e5 20. c3 Qb6 21.
Rad1 Rxf4 22. Rxd8+ Kxd8 23. Qd3+ Ke7 24. Rd1 Qh6+ 25. Kg3 Bd6 26. h4 g5 27. h5
Qe6 28. Bf5 e4 29. Qxd6+ Qxd6 30. Rxd6 Kxd6 31. h6 Ke5 32. Bxh7 Rf6 33. Bxe4
Kxe4 34. h7 Rh6 35. h8=Q Rxh8 36. Kf2 Rh2+ 37. Kg3 Rxb2 38. c4 Rxa2 39. c5 b6
40. c6 Rd2 41. Kh3 a5 42. Kg3 a4 43. Kh3 a3 44. Kg3 a2 45. Kh3 a1=Q 46. Kg3
Qc3# 0-1

[Event "Lichtenberger Sommer 2017"]
[Site "Berlin"]
[Date "2017.08.27"]
[Round "9.100"]
[White "Kretzschmar, Gerald"]
[Black "Wolfram, Mike"]
[Result "0-1"]
[WhiteElo "1360"]
[BlackElo "1550"]
[PlyCount "92"]
[EventDate "2017.??.??"]
[WhiteTeam "USV Halle"]
[BlackTeam "vereinslos"]

1. Nf3 d5 2. c4 e6 3. d4 Nf6 4. c5 c6 5. Nc3 Be7 6. e3 O-O 7. Bd3 a5 8. Na4
Nbd7 9. O-O b6 10. cxb6 Nxb6 11. Ne5 Bb7 12. Qb3 Nxa4 13. Qxa4 Qc7 14. Bd2 Bd6
15. f4 Nd7 16. Rfc1 Nxe5 17. fxe5 Be7 18. Qc2 g6 19. Bb5 Rac8 20. Bd3 f5 21.
Qa4 Bg5 22. Rf1 c5 23. Rf3 Qb6 24. Qb5 Qxb5 25. Bxb5 cxd4 26. Bd7 Rc2 27. Bxe6+
Kg7 28. Rd1 Ba6 29. Rg3 Bh6 30. Bxd5 Be2 31. Rc1 Rxd2 32. Rc7+ Kh8 33. Rh3
Bxe3+ 34. Rxe3 dxe3 35. h3 Rxd5 36. e6 Re8 37. e7 Re5 38. Rd7 R5xe7 39. Rxe7
Rxe7 40. Kh2 f4 41. a3 Bd3 42. b4 Be4 43. bxa5 e2 44. a6 e1=Q 45. a4 Qg3+ 46.
Kg1 Qxg2# 0-1

[Event "Lichtenberger Sommer 2017"]
[Site "Berlin"]
[Date "2017.08.27"]
[Round "9.102"]
[White "Kossueva, Fatima"]
[Black "Dittrich, Hans-Juergen"]
[Result "1/2-1/2"]
[WhiteElo "1410"]
[BlackElo "1305"]
[PlyCount "52"]
[EventDate "2017.??.??"]
[WhiteTeam "SC Friesen Lichtenberg"]
[BlackTeam "SC Eintracht Berlin"]

1. e4 e6 2. d4 d5 3. Nc3 Bb4 4. e5 Nc6 5. Nf3 Nge7 6. Bd3 Nf5 7. Bxf5 exf5 8.
Bd2 Be6 9. O-O O-O 10. Ne2 Bxd2 11. Qxd2 h6 12. Nf4 g5 13. Nxe6 fxe6 14. h3 Qe7
15. c3 a5 16. Nh2 Rf7 17. f4 Raf8 18. Rf3 Rg7 19. Kf2 Kf7 20. g4 gxf4 21. Qxf4
Qh4+ 22. Qg3 Qxg3+ 23. Kxg3 Kg8 24. Kf2 fxg4 25. Rxf8+ Kxf8 26. Nxg4 Ne7
1/2-1/2